| 000 | 00606nam a2200157 i 4500 | ||
|---|---|---|---|
| 001 | 188236 | ||
| 003 | ES-MaACL | ||
| 005 | 20230906223141.0 | ||
| 008 | 180716q18851890xxk |||| | spa d | ||
| 110 | 2 |
_aA.B. Fleming & Co., Limited. _9165178 |
|
| 245 | 1 | 1 |
_a[A. B. Fleming & Co., Limited, scottish printing ink factory and chemical works, Caroline Parker, Edinburg, Scotlan _b: la fabrica escocesa de tintas de imprenta]. |
| 260 |
_a[S.l. : _bs.n., _c188?] |
||
| 300 |
_a[16 p.] : _bil. ; _c30 x 24 cm. |
||
| 650 | 4 |
_aTintas de imprenta- _vCatálogos comerciales. _9165179 |
|
| 852 |
_aES-MaACL _jT-446-F-13 |
||
| 999 |
_c188236 _d188236 |
||